"Nevermoor" by Jessica Townsend Book Quiz - Statistics

General Stats
  • This quiz has been taken 93 times
    76 since last reset
  • The average score is 30 of 40
Answer Stats
Answer % Correct
Morrigan Crow
98%
Cadence Blackburn
93%
Jupiter North
91%
Hawthorne Swift
89%
John Korrapati
89%
Lamya Ra
88%
Fenestra
86%
Nevermoor
84%
Wundersmith
84%
Hollowpox
82%
Silverborn
82%
Anah Kahlo
81%
Frank
81%
Inferno
81%
Thaddea Macleod
81%
Deucalion
79%
Francis Fitzwilliam
77%
Mahir Ibrahim
77%
Corvus
75%
Book
74%
Chanda Kali
74%
Ezra Squall
74%
Archan Tate
72%
Martha
72%
Show
72%
Tempus
72%
Weaving
72%
Ivy
70%
Chase
68%
Fright
68%
Emmett
67%
Kedgeree Burns
67%
Loyalty
67%
Nocturne
67%
Ornella
63%
Masquerade
61%
Decoding Nevermoor
56%
Ruination
56%
Veil
53%
Heinous History of Wundersmiths
44%
No matching quizzes found
Score Distribution
Percent of People with Each Score
Percentile by Number Answered
Your Score History
You have not taken this quiz since the last reset